LEADER 00933nam0-22002891i-450 001 990001820900403321 005 20170308114948.0 035 $a000182090 035 $aFED01000182090 035 $a(Aleph)000182090FED01 035 $a000182090 100 $a20021010d1981----km-y0itay50------ba 101 0 $aita 200 1 $aTorrent control terminology = Terminologie de correction des torrents = Terminologia de correccion de torrentes$fFAO. 210 $aRoma$cFAO$d1981. 215 $aIX, 156 p.$d30 cm 225 1 $aCahier FAO conservation$v6 610 0 $aSistemazioni idraulico-forestali 676 $a634.93 801 0$aIT$bUNINA$gRICA$2UNIMARC 901 $aBK 912 $a990001820900403321 952 $a60 COLL. FAO 9/6$fFAGBC 959 $aFAGBC 996 $aTORRENT control terminology = Terminologie de correction des torrents = Terminologia de correccion de torrentes$9412796 997 $aUNINA DB $aING01 LEADER 02235nam0 22004213i 450 001 CAG2085021 005 20251003044104.0 010 $a9788833190259 100 $a20210323d2019 ||||0itac50 ba 101 | $aita$ceng 102 $ait 181 1$6z01$ai $bxxxe 182 1$6z01$an 183 1$6z01$anc$2RDAcarrier 200 1 $aAnatomia umana$fFrederic H. Martini, Robert B. Tallitsch, Judi L. Nath$gcon William C. Ober ... [et al.]$grevisione a cura di Lucio Cocco ... [et al.] 205 $a7. ed 210 $aNapoli$cEdiSES$d2019 215 $aXXVIII, 790, [68] p.$cill. color.$d31 cm 300 $aIn copertina: Comprende versione ebook e software di simulazione 500 10$aHuman anatomy$3CAG0091760$9PUVV124125$93406468 606 $aAnatomia umana$2FIR$3PUVC038245$9I 676 $a611$9Anatomia, citologia, istologia umana$v22 676 $a611$9ANATOMIA, CITOLOGIA, ISTOLOGIA UMANA$v23 686 $aQS 39$c$2H 700 1$aMartini$b, Frederic H.$f <1947 >$3PUVV124125$4070$0747765 701 1$aNath$b, Judi L.$3RMLV077117$4070$0721759 701 1$aTallitsch$b, Robert B.$3UBOV841599$4070$0286593 702 1$aCocco$b, Lucio$3TSAV000955$4340 702 1$aOber$b, William C.$3UFIV121860$4070 801 3$aIT$bIT-000000$c20210323 850 $aIT-BN0095 $aIT-NA0070 901 $bNAP 01$cBCA $nComprende monografie e periodici di diritto, testi di ingegneria, di scienze e tecnologia di nuova acquisizione. 901 $bNAP BU$cCONS. $nConsultazione. 912 $aCAG2085021 950 0$aBiblioteca Centralizzata di Ateneo$b1 v. (3. copia)$c1 v. in tre copie$d 01BCA SC. MOTOR 16$e 01 0000123815 VMA 1 v. (LdT Prof.ssa Perna A.)$fB $h20230807$i20230807$b1 v. (3. copia)$c1 v. in tre copie$d 01BCA SC. MOTOR 16$e 01 0000137335 VMA (bis 1 v. (2. copia. - LdT Prof.ssa Perna A.)$fY $h20241126$i20241127$b1 v. (3. copia)$c1 v. in tre copie$d 01BCA SC. MOTOR 16$e 01 0000137345 VMA (ter 1 v. (3. copia. - LdT Prof.ssa Perna A.)$fY $h20241126$i20241127 977 $a 01$a BU 996 $aHuman anatomy$93406468 997 $aUNISANNIO